000 01276nam a2200337 i 4500
001 000046671
003 DO-SdBNP
005 20250909134543.0
007 ta
008 090717e2014 dr a br 000 0dspa d
020 _a9789945468458
040 _aDO-SdBNP
_bspa
_cBNPHU
_erda
082 4 _a923.27293
_bD812c, 2014
_222
100 1 _aCassá, Roberto,
_d1948-
_910888
_eautor
245 1 0 _aJuan Pablo Duarte :
_bel padre de la patria /
_cRoberto Cassá ; ilustraciones, José Mercader ; corrección, Tali Feld Gleiser.
250 _aCuarta edición
264 1 _aSanto Domingo :
_bTobogán,
_c2014.
300 _a54 páginas :
_bilustraciones ,
_c23 cm.
336 _2rdacontent
_atexto
_btxt
337 _2rdamedia
_asin mediación
_bn
338 _2rdacarrier
_avolumen
_bnc
490 0 _aColección biografías dominicanas
500 _aIncluye datos biográficos del autor e ilustrador en las cubiertas
504 _aBibliografía : página 51
590 _aInventariado, 2018/ YL
600 1 0 _aDuarte, Juan Pablo,
_d1813-1876
_xCrítica e interpretación
_91494
651 4 _aRepública Dominicana
_xHistoria
_y1844-1930
_91009
700 1 _aMercader, José,
_elustraciones
_956560
700 1 _aFeld Gleiser, Tali,
_ecorrección
_985953
942 _2ddc
_cLBS1
999 _c46160
_d46160